Paléoenvironnements (notice n° 2198580)

détails MARC
000 -LEADER
fixed length control field 01419cam a2200133 4500500
005 - DATE AND TIME OF LATEST TRANSACTION
control field 20260405085550.0
041 ## - LANGUAGE CODE
Language code of text/sound track or separate title fre
042 ## - AUTHENTICATION CODE
Authentication code dc
100 10 - MAIN ENTRY--PERSONAL NAME
Personal name Cubizolle, Hervé
Relator term author
245 00 - TITLE STATEMENT
Title Paléoenvironnements
260 ## - PUBLICATION, DISTRIBUTION, ETC.
Name of publisher, distributor, etc. Armand Colin,<br/>
Date of publication, distribution, etc. 2009.<br/>
520 ## - SUMMARY, ETC.
Summary, etc. Les changements environnementaux s’inscrivent dans une histoire plurimillénaire d’évolutions (climats, végétation, sols, systèmes d’érosion, faune) intimement liée à celle de l’Homme qui a peu à peu modifié la biosphère. Pour les comprendre, il faut reconstituer les milieux naturels du passé et les activités humaines susceptibles de les avoir transformés. Cet ouvrage présente ces méthodes et ces techniques d’étude des paléoenvironnements. Il s’adresse aux étudiants de géographie, d’histoire, d’archéologie, des sciences de la vie et de la Terre intéressés par l’histoire des milieux naturels au cours des 25000 dernières années dans leurs relations avec les changements bioclimatiques et le développement de l’emprise des sociétés humaines. Il apporte les connaissances conceptuelles, méthodologiques et techniques de base ainsi que le vocabulaire nécessaire à la compréhension du travail effectué par les chercheurs pour reconstituer les paysages du passé et leur évolution.
856 41 - ELECTRONIC LOCATION AND ACCESS
Uniform Resource Identifier <a href="https://stm.cairn.info/paleoenvironnements--9782200346065?lang=fr&redirect-ssocas=7080">https://stm.cairn.info/paleoenvironnements--9782200346065?lang=fr&redirect-ssocas=7080</a>

Pas d'exemplaire disponible.

PLUDOC

PLUDOC est la plateforme unique et centralisée de gestion des bibliothèques physiques et numériques de Guinée administré par le CEDUST. Elle est la plus grande base de données de ressources documentaires pour les Étudiants, Enseignants chercheurs et Chercheurs de Guinée.

Adresse

627 919 101/664 919 101

25 boulevard du commerce
Kaloum, Conakry, Guinée

Réseaux sociaux

Powered by Netsen Group @ 2025